<?xml version="1.0" encoding="UTF-8"?>
<record
    xmlns:xsi="http://www.w3.org/2001/XMLSchema-instance"
    xsi:schemaLocation="http://www.loc.gov/MARC21/slim http://www.loc.gov/standards/marcxml/schema/MARC21slim.xsd"
    xmlns="http://www.loc.gov/MARC21/slim">

  <leader>01458nam a2200277 a 4500</leader>
  <controlfield tag="001">000040453</controlfield>
  <controlfield tag="003">OSt</controlfield>
  <controlfield tag="005">20250621074009.0</controlfield>
  <controlfield tag="008">130826s2002    dr a          001 0 spa d</controlfield>
  <datafield tag="020" ind1=" " ind2=" ">
    <subfield code="a">9993433357</subfield>
  </datafield>
  <datafield tag="040" ind1=" " ind2=" ">
    <subfield code="a">DO-SdBNP</subfield>
    <subfield code="b">spa</subfield>
    <subfield code="c">BNPHU</subfield>
  </datafield>
  <datafield tag="082" ind1=" " ind2="4">
    <subfield code="a">320.97293</subfield>
    <subfield code="b">S471i</subfield>
    <subfield code="2">22</subfield>
  </datafield>
  <datafield tag="111" ind1="2" ind2=" ">
    <subfield code="a">Seminario internacional "Democracia y partidos pol&#xED;ticos"</subfield>
    <subfield code="d">(2001:26-27 oct.</subfield>
    <subfield code="c">Santo Domingo, Rep&#xFA;blica Dominicana)</subfield>
    <subfield code="9">66751</subfield>
  </datafield>
  <datafield tag="245" ind1="1" ind2="0">
    <subfield code="a">Democracia y partidos pol&#xED;ticos :</subfield>
    <subfield code="b">legislaci&#xF3;n y expectativas de cambio.</subfield>
  </datafield>
  <datafield tag="260" ind1=" " ind2=" ">
    <subfield code="a">Santo Domingo :</subfield>
    <subfield code="b">Participaci&#xF3;n Ciudadana,</subfield>
    <subfield code="c">2002.</subfield>
  </datafield>
  <datafield tag="300" ind1=" " ind2=" ">
    <subfield code="a">382 p. :</subfield>
    <subfield code="b">il. ;</subfield>
    <subfield code="c">21 cm.</subfield>
  </datafield>
  <datafield tag="500" ind1=" " ind2=" ">
    <subfield code="a">Incluye bibliograf&#xED;a y notas al pie de p&#xE1;ginas.</subfield>
  </datafield>
  <datafield tag="505" ind1="0" ind2=" ">
    <subfield code="g">Cap&#xED;tulo I</subfield>
    <subfield code="t">Experiencias regionales en legislaci&#xF3;n y financiamiento de las campa&#xF1;as electorales --</subfield>
    <subfield code="g">Cap&#xED;tulo II</subfield>
    <subfield code="t">La democratizaci&#xF3;n de los partidos pol&#xED;ticos en Rep&#xFA;blica Dominicana --</subfield>
    <subfield code="g">Cap&#xED;tulo III</subfield>
    <subfield code="t">Legislaci&#xF3;n y financiamiento de los partidos pol&#xED;ticos en Rep&#xFA;blica Dominicana --</subfield>
    <subfield code="g">Cap&#xED;tulo IV</subfield>
    <subfield code="t">Perspectiva de los partidos pol&#xED;ticos sobre la legislaci&#xF3;n vigente y el anteproyecto de ley.</subfield>
  </datafield>
  <datafield tag="590" ind1=" " ind2=" ">
    <subfield code="a">Inventariado, 2018/LP</subfield>
  </datafield>
  <datafield tag="650" ind1=" " ind2="0">
    <subfield code="a">Democracia </subfield>
    <subfield code="9">286</subfield>
  </datafield>
  <datafield tag="650" ind1=" " ind2="4">
    <subfield code="a">Partidos pol&#xED;ticos</subfield>
    <subfield code="x">Legislaci&#xF3;n</subfield>
    <subfield code="z">Rep&#xFA;blica Dominicana</subfield>
    <subfield code="9">53315</subfield>
  </datafield>
  <datafield tag="650" ind1=" " ind2="4">
    <subfield code="a">Participaci&#xF3;n pol&#xED;tica</subfield>
    <subfield code="z">Rep&#xFA;blica Dominicana</subfield>
    <subfield code="9">14012</subfield>
  </datafield>
  <datafield tag="651" ind1=" " ind2="0">
    <subfield code="a">Rep&#xFA;blica Dominicana</subfield>
    <subfield code="x">Pol&#xED;tica y gobierno</subfield>
    <subfield code="9">45</subfield>
  </datafield>
  <datafield tag="910" ind1=" " ind2=" ">
    <subfield code="a">Validado. Control de calidad EMS</subfield>
  </datafield>
  <datafield tag="942" ind1=" " ind2=" ">
    <subfield code="2">ddc</subfield>
    <subfield code="c">LBS1</subfield>
  </datafield>
  <datafield tag="952" ind1=" " ind2=" ">
    <subfield code="0">0</subfield>
    <subfield code="1">0</subfield>
    <subfield code="2">ddc</subfield>
    <subfield code="5">1</subfield>
    <subfield code="7">1</subfield>
    <subfield code="8">PD</subfield>
    <subfield code="a">BNPHU</subfield>
    <subfield code="b">PD</subfield>
    <subfield code="c">HD</subfield>
    <subfield code="d">2013-08-26</subfield>
    <subfield code="l">0</subfield>
    <subfield code="o">BNPHU PD 320.97293 S471i</subfield>
    <subfield code="p">40453-10</subfield>
    <subfield code="r">2020-06-25</subfield>
    <subfield code="w">2020-06-25</subfield>
    <subfield code="y">LFPD</subfield>
  </datafield>
  <datafield tag="952" ind1=" " ind2=" ">
    <subfield code="0">0</subfield>
    <subfield code="1">0</subfield>
    <subfield code="2">ddc</subfield>
    <subfield code="5">1</subfield>
    <subfield code="7">2</subfield>
    <subfield code="8">PD</subfield>
    <subfield code="a">BNPHU</subfield>
    <subfield code="b">PD</subfield>
    <subfield code="c">HD</subfield>
    <subfield code="d">2021-01-13</subfield>
    <subfield code="e">Donado por el Dr. Luciano M.P.</subfield>
    <subfield code="l">0</subfield>
    <subfield code="o">BNPHU PD 320.97293 S471i</subfield>
    <subfield code="p">2021-1137</subfield>
    <subfield code="r">2021-01-13</subfield>
    <subfield code="t">e.2</subfield>
    <subfield code="w">2021-01-13</subfield>
    <subfield code="y">LFPD</subfield>
  </datafield>
  <datafield tag="999" ind1=" " ind2=" ">
    <subfield code="c">39943</subfield>
    <subfield code="d">39943</subfield>
  </datafield>
</record>
